Представление документа в формате RUSMARC

ПолеНазваниеЗначение
  Тип записи a
  Библиографический уровень m
001 Контрольный номер LIBNET\0000977078
005 Дата корректировки 20201206205208.1
010 Индекс ISBN __
a ISBN 978-5-9500183-3-6 (в пер.)
d Цена 4886-97, 1000 экз.
100 Данные общей обработки __
a Данные общей обработки 19190301d2019 |||y0rusy0189 ca
101 Язык документа 0_
a Язык текста rus
102 Страна публикации __
a Страна публикации RU
102 Страна публикации __
a Страна публикации RU
105 Кодированные данные (монография) __
a Кодированные данные (монография) ao||||||000zy
200 Заглавие и сведения об ответственности 1_
a Заглавие Двигательные качества и физическая подготовка спортсменов
e Сведения, относящиеся к заглавию [монография]
f Первые сведения об ответственности В. Н. Платонов
b Общее обозначение материала Текст
210 Выходные данные __
a Место издания Москва
c Издательство Спорт
d Дата издания 2019
215 Физическое описание __
a Объем 655 с.
c Иллюстрации/тип воспроизводства граф., табл., ил., фот.
d Формат 27 см
320 Библиография __
a Библиография Библиография: с. 615-655
330 Аннотация __
a Аннотация В монографии подвергнута всестороннему анализу проблема развития двигательных качеств (скоростных, силовых, выносливости, ловкости и координации, гибкости) и физической подготовки спортсменов. Своим содержанием представленная работа принципиально отличается от большинства обобщающих работ, посвященных двигательным качествам и физической подготовке спортсменов. Структура двигательных качеств и методика их развития рассматриваются не сквозь призму достижения наивысшего тренировочного эффекта применительно к тому или иному качеству, а на основе соответствия уровня развития и особенностей проявления каждого из двигательных качеств эффективности двигательных действий, характерных для конкретного вида спорта, органичной взаимосвязи двигательных качеств между собой и с другими сторонами подготовленности спортсменов - технической, тактической, психологической. Широко представлен материал общенаучного и специального характера, обеспечивающий фундаментальность подхода к структуре двигательных качеств и методике их развития, рациональному питанию, применению средств интенсификации тренировочного процесса, стимуляции работоспособности и восстановительных реакций, профилактике перетренированности и травматизма как важнейшим составляющим высокоэффективной физической подготовки спортсменов. Для тренеров и спортсменов, преподавателей и студентов вузов физической культуры и спорта, научных работников, спортивных врачей.
606 Тематические рубрики __
a Основная рубрика Физическая культура и спорт
606 Тематические рубрики __
a Основная рубрика Теория и методика физического воспитания
610 Ключевые слова __
a Ключевые слова скелетно-мышечная система
610 Ключевые слова __
a Ключевые слова спортивные тренировки
610 Ключевые слова __
a Ключевые слова кислородтранспортная система
610 Ключевые слова __
a Ключевые слова энергообеспечение мышечной деятельности
610 Ключевые слова __
a Ключевые слова нейрорегуляция спортсменов
610 Ключевые слова __
a Ключевые слова двигательная деятельность спортсменов
610 Ключевые слова __
a Ключевые слова психорегуляция
610 Ключевые слова __
a Ключевые слова физическая подготовка
610 Ключевые слова __
a Ключевые слова нагрузки
610 Ключевые слова __
a Ключевые слова разминки спортсменов
610 Ключевые слова __
a Ключевые слова оптимизация отдыха
610 Ключевые слова __
a Ключевые слова диета спортсменов
610 Ключевые слова __
a Ключевые слова травматизм
610 Ключевые слова __
a Ключевые слова профессиональные заболевания
610 Ключевые слова __
a Ключевые слова физические нагрузки
610 Ключевые слова __
a Ключевые слова спортсмены
610 Ключевые слова __
a Ключевые слова двигательные качества
610 Ключевые слова __
a Ключевые слова возрастное развитие
610 Ключевые слова __
a Ключевые слова ловкость
610 Ключевые слова __
a Ключевые слова сила
610 Ключевые слова __
a Ключевые слова скоростные способности
610 Ключевые слова __
a Ключевые слова гибкость
610 Ключевые слова __
a Ключевые слова выносливость
610 Ключевые слова __
a Ключевые слова восстановление работоспособности
610 Ключевые слова __
a Ключевые слова работоспособность
610 Ключевые слова __
a Ключевые слова диетологическое обеспечение
610 Ключевые слова __
a Ключевые слова перетренированность
610 Ключевые слова __
a Ключевые слова спорт
610 Ключевые слова __
a Ключевые слова профессиональные заболевания
686 Индексы других классификаций __
2 Код системы rubbks
a Классификационный индекс 75.15
700 Автор _1
a Фамилия Платонов
b Имя В. Н.
g Полное личное имя Владимир Николаевич
4 Код отношения 070
801 Источник записи _0
a Страна RU
b Организация Тюменская ОНБ
c Дата составления 20190301
g Правила каталогизации PSBO
801 Источник записи _2
a Страна RU
b Организация Муниципальное бюджетное учреждение культуры "Централизованная библиотечная система" г. Сургут (Центральная городская библиотека им. А. С. Пушкина)
c Дата составления 20190301
852 Данные о местонахождении __
j Шифр хранения 75.15
i Авторский знак П 37
901 Тип документа __
a Ответственный КиК/Лукашук
t Тип документа m
903 Характеристики (МАРС) __
a Дата передачи 20190722
969 Тип издания __
a Тип издания научное издание
990 Данные о заказе (DOS) __
j Количество экземпляров (DOS) 2
t N записи в КСУ для И/У (DOS) 201908